000
00319nam a2200133Ia 4500
008
240112s1966 xx 000 0 und d
041
_a
eng
082
_a
616.4205
100
_a
CHURG J.
245
_a
THE NEW ENGLAND JOURNAL OF MEDICINE
260
_b
BYBEE J.D.
_c
1966
300
_a
1540,HB
_c
(1-26)
440
_v
275
999
_c
1140857
_d
1140857